[Event "Morbihan-ch 1011"]
[Site "Morbihan"]
[Date "2010.11.06"]
[Round "2.22"]
[White "Eraud, Julien"]
[Black "Pietre, Gregg"]
[Result "0-1"]
[WhiteElo "1220"]
[BlackElo "1499"]
[PlyCount "92"]
[EventDate "2010.10.09"]
[EventType "swiss"]
[EventRounds "7"]
[EventCountry "FRA"]
[SourceTitle "EXT 2014"]
[Source "ChessBase"]
[SourceDate "2013.11.20"]
[SourceVersion "1"]
[SourceVersionDate "2013.11.20"]
[SourceQuality "1"]

1. c4 e5 2. e3 c5 3. Nf3 Nc6 4. Nc3 Nf6 5. b3 Bd6 6. Bd3 a6 7. Ne4 Bc7 8. Bb2 d6 9. 0-0 Bg4 10. h3 Bh5 11. g4 Bg6 12. Nxf6+ Qxf6 13. g5 Qe6 14. Bxg6 hxg6 15. h4 0-0-0 16. d4 cxd4 17. exd4 Ne7 18. d5 Qg4+ 19. Kh1 Nf5 20. Rg1 Qh3+ 21. Nh2 Nxh4 22. Rg3 Qf5 23. Rc1 Bb6 24. f3 Kb8 25. b4 Be3 26. Rc3 Bf4 27. Rg4 Bxh2 28. Kxh2 Nxf3+ 29. Kg3 Nxg5 30. c5 Rh3+ 31. Kg2 Rdh8 32. Rxh3 Nxh3 33. cxd6 Nf4+ 34. Kg3 Rh3+ 35. Kf2 Nd3+ 36. Kg2 Nf4+ 37. Kf2 Nh5+ 38. Kg2 Nf4+ 39. Kf2 Rh2+ 40. Kg3 Rxb2 41. Qc1 Ne2+ 42. Kh4 Nxc1 43. Rg5 Qf2+ 44. Rg3 g5+ 45. Kg4 Rxb4+ 46. Kh3 Rh4# 0-1